Most popular artists on Spotify(female) as of 2024 - Statistics

General Stats
  • This quiz has been taken 150 times
  • The average score is 9 of 16
Answer Stats
Rank Artist Streams* % Correct
#1 Taylor Swift 20.4
100%
#10 Beyonce 3,7
78%
#2 Billie Eilish 6.8
78%
#5 Rihanna 5.4
74%
#3 Ariana Grande 6.5
68%
#8 Olivia Rodrigo 4.0
65%
#11 Sabrina Carpenter 3.6
65%
#15 Lady Gaga 2.6
64%
#9 Dua Lipa 4,0
55%
#13 Nicki Minaj 3.1
53%
#12 Doja cat 3.2
42%
#6 SZA 5.1
39%
#14 Shakira 2.9
34%
#4 Lana del rey 5.4
32%
#7 KAROL G 5.0
19%
#16 Kali Uchis 2.6
2%
No matching quizzes found
Score Distribution
Percent of People with Each Score
Percentile by Number Answered
Your Score History
You have not taken this quiz